| 000 | 00433nam a22001577a 4500 | ||
|---|---|---|---|
| 999 |
_c7861 _d7861 |
||
| 003 | OSt | ||
| 005 | 20190319102726.0 | ||
| 008 | 190319b ||||| |||| 00| 0 eng d | ||
| 040 | _cDLC | ||
| 082 | _a224 | ||
| 245 |
_aSyllabus for External Study Prophecy (Daniel)/ _cImmanuel Bible College |
||
| 250 | _aInd. ed. | ||
| 260 |
_aSharpsburg, Georgia; _bImmanuel Bible college INc.: _cc. 1986 |
||
| 300 |
_a60 p.; _c22 cm |
||
| 942 |
_2ddc _cBK |
||